Statistics for World Capitals with three or more 'A's

Click here to take the quiz!

General Stats

  • This quiz has been taken 101 times
  • The average score is 15 of 24

Answer Stats

Answers% Correct
Jakarta
81%
Ankara
80%
Antananarivo
80%
Addis Ababa
78%
Astana
77%
Islamabad
74%
Panama City
74%
Caracas
72%
Havana
71%
Ulaanbaatar
70%
Managua
67%
Andorra la Vella
62%
Asmara
62%
Guatemala City
61%
Bandar Seri Begawan
52%
Ashgabat
51%
Kampala
51%
Manama
51%
Bratislava
49%
Sana'a
46%
Paramaribo
43%
San Salvador
43%
Sri Jayewardenepura Kotte
43%
South Tarawa
28%

Score Distribution

Percentile by Number Answered

Percent of People with Each Score

Your Score History

You have not taken this quiz